000 00239 a2200097 4500
001 13985
100 _aFowler J.H
245 _aPalgrave's golden treasury of songs lyrics Bk fourth
260 _aLondon
_bMacmilan
_c
090 _c10947
_d10947
942 _aNUST-CAE
_cM
_c1055
999 _c249058
_d249058